书目信息 |
| 题名: |
新边英语口语教程 (1)
|
|
| 作者: | 王守仁 , 何宁 主编 | |
| 分册: | ||
| 出版信息: | 上海 上海外语教育出版社 1998.09 |
|
| 页数: | 194页 | |
| 开本: | 32开 | |
| 丛书名: | ||
| 单 册: | ||
| 中图分类: | H319.9 | |
| 科图分类: | ||
| 主题词: | 英语 | |
| 电子资源: | ||
| ISBN: | 7-81046-450-7 | |
| 000 | 00610nam0 2200205 45 | |
| 001 | 0010040920 | |
| 005 | 20001004095527.7 | |
| 010 | @a7-81046-450-7@d9.00元 | |
| 100 | @a20001004d1998 km y0chiy0120 ea | |
| 101 | 0 | @achi |
| 105 | @a z 000yy | |
| 200 | 1 | @a新边英语口语教程 (1)@AXin Bian Ying Yu Kou Yu Jiao Cheng (1)@f王守仁,何宁主编@FWang Shou Ren,He Ning Zhu Bian |
| 210 | @a上海@c上海外语教育出版社@d1998.09 | |
| 215 | @a194页@d32开 | |
| 606 | 0 | @a英语 |
| 690 | @aH319.9@v3 | |
| 701 | 0 | @a王守仁@4主编 |
| 701 | 0 | @a何宁@4主编 |
| 801 | @aCN@bPftUser@c20001004 | |
| 905 | @b164641-645@dH319.9@eW717:1@f5 | |
| 新边英语口语教程 (1)/王守仁,何宁主编.-上海:上海外语教育出版社,1998.09 |
| 194页;32开 |
| ISBN 7-81046-450-7:9.00元 |
| ● |
| 相关链接 |
|
|
|
正题名:新边英语口语教程(1)
索取号:H319.9/W717:1
 
预约/预借
| 序号 | 登录号 | 条形码 | 馆藏地/架位号 | 状态 | 备注 |
| 1 | 164641 | 201646415 | 语言库209/209语言库 110排1列2层/ [索取号:H319.9/W717:1] | 在馆 | |
| 2 | 164642 | 201646424 | 语言库209/209语言库 110排1列2层/ [索取号:H319.9/W717:1] | 在馆 | |
| 3 | 164643 | 201646433 | 语言库209/209语言库 110排1列2层/ [索取号:H319.9/W717:1] | 在馆 | |
| 4 | 164644 | 201646442 | 语言库209/209语言库 110排1列2层/ [索取号:H319.9/W717:1] | 在馆 | |
| 5 | 164645 | 201646451 | 语言库209/209语言库 110排1列2层/ [索取号:H319.9/W717:1] | 在馆 |